Statistics for Φαγητά που αρχίζουν από Χ (με εικόνες)

Click here to take the quiz!

General Stats

  • This quiz has been taken 133 times
  • The average score is 9 of 11

Answer Stats

Answer% Correct
Χταπόδι
100%
Χαλβάς
98%
Χωριάτικη
96%
Χέλι
92%
Χαμομήλι
88%
Χαβιάρι
87%
Χαλούμι
87%
Χουρμάς
83%
Χούμους
80%
Χτένια
50%
Χαρούπι
45%

Score Distribution

Percentile by Number Answered

Percent of People with Each Score

Your Score History

You have not taken this quiz